Los profesores Iberoamericanos de educación primaria : planes de estudio de su formación.

Shranjeno v:
Bibliografske podrobnosti
Glavni avtor: Oliveros Alonso, Angel (autor)
Format: Knjiga
Jezik:španščina
Serija:(La educación Iberoamericana en sus documentos)
Teme:
Oznake: Označite
Brez oznak, prvi označite!

MARC

LEADER 00000cam^a2200000uu^4500
001 000479051
005 20250521000000.0
008 050901s1975^^^^^^^^^^^^rd^r^^000^0^spa^d
009 20260310124928.996
022 |a 8440091958 
035 |a FCE 000022053 
035 |a FCE 000532 
037 |a Acervo ITESO - Biblioteca 
041 |a spa 
082 0 4 |a 371.1  |b OLIp 
100 |a Oliveros Alonso, Angel  |e (autor) 
245 1 4 |a Los profesores Iberoamericanos de educación primaria :  |b planes de estudio de su formación. 
264 |a Barcelona :  |b OIE,  |c 1975. 
300 |a 278 p. 
336 |a texto  |b txt  |2 rdacontenido 
337 |a sin mediación  |b n  |2 rdamedio 
338 |a volumen  |b nc  |2 rdasoporte 
440 3 |a (La educación Iberoamericana en sus documentos) 
649 |a XX 
650 |a Docentes 
650 |a Plan de estudios 
650 |a Currículo 
650 |a Formación de docentes 
650 |a Investigación educativa 
910 |a Fondo Centro de Estudios Educativos 
920 |a Impresos - Libros 
930 |a Fondos Especiales 
905 |a 133 
901 |a ALE000532  |b IT2  |c CEE  |u 20250521 
901 |a ALE042108  |b IT2  |c CEE  |u 20250521 
902 |a https://opac.biblio.iteso.mx/vufind/Record/000479051